Poézia a galeje : spomienky architekta
Uložené v:
| Hlavný autor: | |
|---|---|
| Ďalší autori: | , |
| Médium: | Kniha |
| Jazyk: | Slovak |
| Vydavateľské údaje: |
Prešov :
SAMO - AAMM,
2014
|
| Predmet: | |
| Tagy: |
Žiadne tagy, Buďte prvý, kto otaguje tento záznam!
|
MARC
| LEADER | 00000nam a22000003a 4500 | ||
|---|---|---|---|
| 001 | stu290383 | ||
| 005 | 20150617230300.3 | ||
| 008 | 140603s2014------------------------slo-d | ||
| 020 | |a 978-80-89123-11-7 | ||
| 040 | |a STU |b slo | ||
| 041 | 0 | |a slo | |
| 100 | 1 | |a Kramár, Eugen |4 aut | |
| 245 | 1 | |a Poézia a galeje : |b spomienky architekta | |
| 260 | |a Prešov : |b SAMO - AAMM, |c 2014 | ||
| 300 | |a 143 s | ||
| 650 | 7 | |a Kramár, Eugen |2 stusub | |
| 650 | 7 | |a architekti slovenskí |2 stusub | |
| 650 | 7 | |a architektúra slovenská |2 stusub | |
| 650 | 7 | |a funkcionalizmus |2 stusub | |
| 650 | 7 | |a architektúra socialistická |2 stusub | |
| 650 | 7 | |a totalita v architektúre |2 stusub | |
| 650 | 7 | |a Hotel FIS, Štrbské Pleso |2 stusub | |
| 650 | 7 | |a Areál snov, Štrbské Pleso |2 stusub | |
| 650 | 7 | |a Vysoké Tatry |2 stusub | |
| 650 | 7 | |a biografie |2 stusub | |
| 700 | 1 | |a Maníková, Zuzana |4 com | |
| 700 | 1 | |a Kramárová-Mihalčiková, Zina |4 com | |
| 996 | |b 284AU06131 |c A*9007 U |l AAKNAR |s A |a 24 |w stu290383_0001 | ||
| 996 | |b 284AU06132 |c A*9008 U |l AAKNAR |s A |a 24 |w stu290383_0002 | ||
| 996 | |b 284AU06133 |c A*9009 U |l AAKNAR |s A |a 24 |w stu290383_0003 | ||